Wszystkie featy Taco Hemingwaya - Statystyki

Ogólne statystyki
  • Ten quiz został rozwiązany 59 razy
  • Średni wynik to 11 z 29
Statystyki odpowiedzi
Twórca/y Tytuł piosenki % Poprawnych
Bedoes 2115 Chłopaki nie płaczą
87%
Otsochodzi "Tak to leciało"
77%
schafter bigos
75%
Otsochodzi Nowy Kolor
74%
Quebonafide TOKYO2020
74%
Mata Kurtz
72%
2115 DRESSCODE
68%
Daria Zawiałow SUPRO
60%
Oki ADHD
55%
Quebonafide ROMANTICPSYCHO
55%
Sokół Napad na Bankiet
42%
CatchUp** Patrol
42%
Otsochodzi SumieNIE
34%
Kaz Bałagane Nowe Szklane Domy
32%
Kizo Niebieski Bentley
30%
Holak Znalazłem pieniądze
30%
Gedz Yin Yang
26%
Bedoes 2115 SAUVAGE
25%
Małe miasta, Jordah, Holak Postaranie
21%
Pezet, Hatti Vati 2K30
19%
HAŁASTRA Zanim osiwieję
17%
TUZZA Globale HAUTE COUTURE
15%
Bedoes 2115 Lost
15%
Dwa Sławy, Gruby Mielzky, Pers Spóła
15%
Rasmentalism Fast Food
13%
Sokół* Lek przeciwbolówy
8%
Rasmentalism Lip Sync
8%
Catz'n Dogz Yi Fang
2%
Artur Rojek A miało być we śnie
0%
Nie znaleziono quizów pasujących do podanych kryteriów
Rozkład punktacji
Procent ludzi z każdym wynikiem
Percentyl według liczby udzielonych odpowiedzi
Twoja historia wyników
Nie rozwiązałeś tego quizu